<?xml version="1.0" encoding="UTF-8"?>
<record
    xmlns:xsi="http://www.w3.org/2001/XMLSchema-instance"
    xsi:schemaLocation="http://www.loc.gov/MARC21/slim http://www.loc.gov/standards/marcxml/schema/MARC21slim.xsd"
    xmlns="http://www.loc.gov/MARC21/slim">

  <leader>00313nam a2200157Ia 4500</leader>
  <datafield tag="100" ind1=" " ind2=" ">
    <subfield code="a">Palani/S </subfield>
  </datafield>
  <datafield tag="650" ind1=" " ind2=" ">
    <subfield code="a">Signals</subfield>
  </datafield>
  <datafield tag="942" ind1=" " ind2=" ">
    <subfield code="c">BK</subfield>
  </datafield>
  <datafield tag="366" ind1=" " ind2=" ">
    <subfield code="f">20</subfield>
  </datafield>
  <datafield tag="654" ind1=" " ind2=" ">
    <subfield code="a">signals</subfield>
  </datafield>
  <datafield tag="245" ind1=" " ind2=" ">
    <subfield code="a">Signals and systems</subfield>
  </datafield>
  <datafield tag="260" ind1=" " ind2=" ">
    <subfield code="b">Ane Books India</subfield>
    <subfield code="c">2009</subfield>
  </datafield>
  <datafield tag="082" ind1=" " ind2=" ">
    <subfield code="a">621.2822</subfield>
    <subfield code="b">PAL</subfield>
  </datafield>
  <datafield tag="546" ind1=" " ind2=" ">
    <subfield code="a">ENGLISH</subfield>
  </datafield>
  <datafield tag="999" ind1=" " ind2=" ">
    <subfield code="c">23018</subfield>
    <subfield code="d">23018</subfield>
  </datafield>
  <datafield tag="952" ind1=" " ind2=" ">
    <subfield code="0">0</subfield>
    <subfield code="1">0</subfield>
    <subfield code="4">0</subfield>
    <subfield code="7">0</subfield>
    <subfield code="8">CRC</subfield>
    <subfield code="a">CRCE</subfield>
    <subfield code="b">CRCE</subfield>
    <subfield code="d">2023-03-17</subfield>
    <subfield code="e">Ane Books India</subfield>
    <subfield code="g">360.00</subfield>
    <subfield code="i">5 dt 29/04/2009</subfield>
    <subfield code="l">1</subfield>
    <subfield code="o">621.2822 PAL</subfield>
    <subfield code="p">19696</subfield>
    <subfield code="r">2024-08-24</subfield>
    <subfield code="s">2024-07-29</subfield>
    <subfield code="v">450.00</subfield>
    <subfield code="w">0000-00-00</subfield>
    <subfield code="y">BK</subfield>
  </datafield>
</record>
